LEADER 02226oas 2200841 a 450 001 9910338726703321 005 20251106213014.0 011 $a1944-737X 035 $a(OCoLC)60626561 035 $a(CONSER) 2008202653 035 $a(CKB)954925555421 035 $a(EXLCZ)99954925555421 100 $a20050614a19879999 sy a 101 0 $aeng 135 $aurun||||||||| 181 $ctxt$2rdacontent 182 $cc$2rdamedia 183 $acr$2rdacarrier 200 10$aACI materials journal 210 $aDetroit, Mich. $cAmerican Concrete Institute 215 $a1 online resource 300 $aRefereed/Peer-reviewed 311 08$a0889-325X 517 3 $aAmerican Concrete Institute materials journal 517 3 $aMaterials journal 531 0 $aACI mater. j. 606 $aConcrete$vPeriodicals 606 $aBuilding materials$vPeriodicals 606 $aConcrete construction$vPeriodicals 606 $aBe?ton$vPe?riodiques 606 $aConstruction$xMate?riaux$vPe?riodiques 606 $aConstruction en be?ton$vPe?riodiques 606 $aConcrete construction$2fast$3(OCoLC)fst00874261 606 $aBuilding materials$2fast$3(OCoLC)fst00840723 606 $aConcrete$2fast$3(OCoLC)fst00874126 608 $aPeriodicals.$2fast 615 0$aConcrete 615 0$aBuilding materials 615 0$aConcrete construction 615 6$aBe?ton 615 6$aConstruction$xMate?riaux 615 6$aConstruction en be?ton 615 7$aConcrete construction. 615 7$aBuilding materials. 615 7$aConcrete. 676 $a620.1 712 02$aAmerican Concrete Institute 801 0$bOCLCS 801 1$bOCLCS 801 2$bCOA 801 2$bDLC 801 2$bOCLCQ 801 2$bOCLCE 801 2$bOCLCQ 801 2$bOCLCF 801 2$bCUI 801 2$bOCLCQ 801 2$bGUA 801 2$bOCLCQ 801 2$bZ5A 801 2$bAD# 801 2$bUAB 801 2$bOCLCQ 801 2$bOCLCO 801 2$bOCLCQ 801 2$bOCL 801 2$bIOY 801 2$bOCLCL 801 2$bOCLCQ 906 $aJOURNAL 912 $a9910338726703321 996 $aACI materials journal$9242592 997 $aUNINA